Painting: Illustrated teach yourself (Record no. 35266)

MARC details
000 -LEADER
fixed length control field 00288nam a2200109Ia 4500
082 ## - DEWEY DECIMAL CLASSIFICATION NUMBER
Classification number 075
Item number LAN
100 ## - MAIN ENTRY--AUTHOR NAME
Personal name Lancaster, John
245 #0 - TITLE STATEMENT
Title Painting: Illustrated teach yourself
260 ## - PUBLICATION, DISTRIBUTION, ETC. (IMPRINT)
Place of publication London
Name of publisher Hodder and Stoughton
Year of publication 1977
942 ## - ADDED ENTRY ELEMENTS (KOHA)
Koha item type Books
Holdings
Withdrawn status Lost status Damaged status Not for loan Home library Current library Date acquired Cost, normal purchase price Full call number Accession Number Koha item type
        RRII Library RRII Library 16/12/2021 1.80 075 LAN 15693 Books